000
00267nam a22001217a 4500
999
_c
12835
_d
12835
020
_a
9781118968871
082
_a
658.403
100
_a
Mitchell Jonathan M.
245
_a
Staying The Course As A CIO
260
_a
UK
_b
Wiley
_c
2015
300
_a
219 pages
942
_c
BK